[Event "EU-chT U18"]
[Site "Terme Catez"]
[Date "2025.07.06"]
[Round "2.3"]
[White "Esmer, Kemal Eymen"]
[Black "Jakovic, Roko"]
[Result "1-0"]
[WhiteElo "2006"]
[BlackElo "2226"]
[PlyCount "106"]
[EventDate "2025.07.05"]
[EventType "team-swiss"]
[EventRounds "7"]
[EventCountry "SLO"]
[SourceTitle "CB29_2025"]
[SourceDate "2025.07.16"]
[SourceVersion "1"]
[SourceVersionDate "2025.07.16"]
[SourceQuality "1"]
[WhiteTeam "Luxembourg"]
[BlackTeam "Croatia"]
[WhiteTeamCountry "LUX"]
[BlackTeamCountry "CRO"]

1. e4 c5 2. Nf3 d6 3. c3 Nf6 4. Be2 g6 5. 0-0 Bg7 6. Bb5+ Nbd7 7. Re1 a6 8. Bf1 e5 9. d4 0-0 10. dxe5 dxe5 11. c4 b6 12. Nc3 h6 13. Be3 Bb7 14. Qc2 Qc7 15. h3 Ne8 16. Red1 f5 17. Qd2 Nef6 18. Bxh6 fxe4 19. Bxg7 Kxg7 20. Ng5 Rfe8 21. Nd5 Nxd5 22. cxd5 Nf8 23. Nxe4 Rad8 24. Bc4 Ne6 25. d6 Qc6 26. Bxe6 Rxe6 27. Qg5 Rd7 28. f3 Qc8 29. Ng3 Qf8 30. Rd2 Rdxd6 31. Rxd6 Rxd6 32. Qxe5+ Qf6 33. Re1 Qxe5 34. Rxe5 Kf7 35. Kf2 Rd2+ 36. Re2 Rxe2+ 37. Nxe2 Kf6 38. h4 b5 39. Ke3 a5 40. Nc3 Bc6 41. Ne4+ Ke5 42. Nxc5 Kd5 43. Nb3 a4 44. Nd2 b4 45. b3 a3 46. g4 Be8 47. Ne4 Bf7 48. f4 Kc6 49. Nd2 Kd5 50. Nf3 Be6 51. f5 gxf5 52. g5 Kc5 53. Nd2 Bg8 1-0

[Event "Bosnjaci op 29th"]
[Site "Bosnjaci"]
[Date "2025.01.09"]
[Round "9"]
[White "Kejzar, Petra"]
[Black "Jakovic, Roko"]
[Result "0-1"]
[WhiteElo "2040"]
[BlackElo "2273"]
[PlyCount "72"]
[EventDate "2025.01.03"]
[EventType "swiss"]
[EventRounds "9"]
[EventCountry "CRO"]
[SourceTitle "CB03_2025"]
[SourceDate "2025.01.15"]
[SourceVersion "1"]
[SourceVersionDate "2025.01.15"]
[SourceQuality "1"]

1. d4 d5 2. c4 c6 3. Nc3 Nf6 4. e3 a6 5. Nf3 b5 6. b3 Bg4 7. Be2 e6 8. 0-0 Nbd7 9. a4 b4 10. Nb1 a5 11. Nbd2 Bd6 12. Bb2 0-0 13. Rc1 Rc8 14. Ne5 Bxe2 15. Qxe2 Bxe5 16. dxe5 Ne4 17. cxd5 Nxd2 18. Qxd2 exd5 19. e4 Nb6 20. Rfd1 dxe4 21. Qe3 Nd5 22. Qxe4 Qg5 23. g3 Rcd8 24. h4 Qh6 25. Qf3 Qe6 26. Kg2 Rb8 27. Rc4 Rfd8 28. Rdc1 Ne7 29. R1c2 Rd5 30. h5 Rbd8 31. h6 Rd3 32. Qg4 Qxh6 33. e6 fxe6 34. Re4 Nf5 35. Rxc6 Rd1 36. Qh3 Rg1+ 0-1

[Event "Bosnjaci op 29th"]
[Site "Bosnjaci"]
[Date "2025.01.05"]
[Round "4"]
[White "Jakovic, Roko"]
[Black "Bobanac, Miro"]
[Result "1/2-1/2"]
[WhiteElo "2273"]
[BlackElo "2157"]
[PlyCount "66"]
[EventDate "2025.01.03"]
[EventType "swiss"]
[EventRounds "9"]
[EventCountry "CRO"]
[SourceTitle "CB03_2025"]
[SourceDate "2025.01.15"]
[SourceVersion "1"]
[SourceVersionDate "2025.01.15"]
[SourceQuality "1"]

1. d4 Nf6 2. c4 e5 3. dxe5 Ng4 4. Bf4 Nc6 5. Nf3 Bb4+ 6. Nbd2 Qe7 7. e3 Ngxe5 8. Nxe5 Nxe5 9. Be2 0-0 10. 0-0 Bxd2 11. Qxd2 d6 12. b4 a5 13. a3 Bf5 14. Qc3 Qf6 15. Kh1 Rfe8 16. Rfc1 g5 17. Bg3 Nd7 18. Qxf6 Nxf6 19. c5 Ne4 20. cxd6 cxd6 21. b5 Rac8 22. b6 Nxg3+ 23. hxg3 Rxc1+ 24. Rxc1 Rc8 25. Rd1 Rc6 26. Rd5 Bg6 27. Rb5 Rc5 28. Rb2 Be4 29. Rd2 Rd5 30. Rb2 Rc5 31. Rb5 Bg6 32. Rxc5 dxc5 33. f3 Bf5 1/2-1/2

[Event "Hum na Sutli op 16th"]
[Site "Hum na Sutli"]
[Date "2024.08.17"]
[Round "1"]
[White "Danicic, Anze"]
[Black "Jakovic, Roko"]
[Result "1-0"]
[WhiteElo "1842"]
[BlackElo "2273"]
[PlyCount "115"]
[EventDate "2024.08.17"]
[EventType "swiss"]
[EventRounds "9"]
[EventCountry "CRO"]
[SourceTitle "EXT 2025"]
[Source "ChessBase"]
[SourceDate "2024.10.14"]
[SourceVersion "1"]
[SourceVersionDate "2024.10.14"]
[SourceQuality "1"]

1. e4 c5 2. Nf3 d6 3. c4 Nf6 4. Nc3 g6 5. d4 cxd4 6. Nxd4 Bg7 7. f3 0-0 8. Be3 a6 9. Qd2 Bd7 10. Be2 Nc6 11. 0-0 Rc8 12. Rac1 h5 13. Rfd1 Nxd4 14. Bxd4 Kh7 15. Nd5 Nxd5 16. Bxg7 Kxg7 17. Qxd5 Qb6+ 18. Qd4+ Qxd4+ 19. Rxd4 Be6 20. b3 b5 21. Kf2 Rc7 22. Rb1 b4 23. h3 a5 24. g4 hxg4 25. hxg4 g5 26. a4 Rh8 27. Kg2 Kf6 28. Kg3 Ke5 29. Rd2 Rcc8 30. Bf1 Rh1 31. Rh2 Rxh2 32. Kxh2 Kd4 33. Rd1+ Kc3 34. Rd3+ Kc2 35. Re3 Bd7 36. Kg2 Rh8 37. Kg1 Bc6 38. Kg2 e6 39. Rd3 Rd8 40. Kf2 d5 41. Ke3 d4+ 42. Kf2 Bxa4 43. bxa4 b3 44. Ke1 b2 45. Rd2+ Kb3 46. Bd3 Rh8 47. Rd1 Kxa4 48. Bb1 Kb4 49. Ke2 e5 50. Kd3 a4 51. Ba2 Ka3 52. Bb1 Rh2 53. c5 Kb3 54. c6 Rf2 55. c7 Rxf3+ 56. Ke2 Re3+ 57. Kf2 Rc3 58. Rd3 1-0

[Event "CRO-ch U17"]
[Site "Split"]
[Date "2024.07.26"]
[Round "7"]
[White "Jakovic, Roko"]
[Black "Konjevic, Nikola"]
[Result "1-0"]
[WhiteElo "2309"]
[BlackElo "2081"]
[PlyCount "89"]
[EventDate "2024.07.22"]
[EventType "swiss"]
[EventRounds "9"]
[EventCountry "CRO"]
[SourceTitle "CBM 221 Extra"]
[Source "ChessBase"]
[SourceDate "2024.09.30"]
[SourceVersion "1"]
[SourceVersionDate "2024.09.30"]
[SourceQuality "1"]

1. d4 Nf6 2. c4 e6 3. Nc3 Bb4 4. g3 Bxc3+ 5. bxc3 d6 6. Bg2 0-0 7. Nf3 Nc6 8. c5 e5 9. cxd6 cxd6 10. 0-0 e4 11. Nd2 d5 12. e3 Bg4 13. Qb3 Na5 14. Qb4 b6 15. Ba3 Re8 16. Rfe1 Rc8 17. Bf1 Be6 18. Bb5 Bd7 19. Ba6 Rc7 20. Rac1 Bc8 21. Bb5 Bd7 22. Ba6 Bc8 23. Bf1 Be6 24. Qb1 Qc8 25. Bd6 Rc6 26. Be5 Rxc3 27. Bb5 Rd8 28. Qb2 Rxc1 29. Rxc1 Nc4 30. Bxc4 dxc4 31. Bxf6 gxf6 32. Nxe4 Bd5 33. Nxf6+ Kg7 34. Nxd5 Rxd5 35. e4 Rd7 36. d5+ f6 37. Qd4 Rc7 38. Rc3 Rc5 39. e5 fxe5 40. Qxe5+ Kg8 41. Qg5+ Kh8 42. Qf6+ Kg8 43. Rf3 c3 44. Qg5+ Kh8 45. Rf7 1-0

[Event "CRO-ch U17"]
[Site "Split"]
[Date "2024.07.25"]
[Round "5"]
[White "Jakovic, Roko"]
[Black "Mlinaric, Simun"]
[Result "1-0"]
[WhiteElo "2309"]
[BlackElo "2007"]
[PlyCount "95"]
[EventDate "2024.07.22"]
[EventType "swiss"]
[EventRounds "9"]
[EventCountry "CRO"]
[SourceTitle "CBM 221 Extra"]
[Source "ChessBase"]
[SourceDate "2024.09.30"]
[SourceVersion "1"]
[SourceVersionDate "2024.09.30"]
[SourceQuality "1"]

1. d4 Nf6 2. c4 d6 3. Nf3 g6 4. g3 Bg7 5. Nc3 0-0 6. Bg2 Nbd7 7. 0-0 e5 8. e4 exd4 9. Nxd4 Ne5 10. b3 Bd7 11. Bb2 Nc6 12. Nc2 a5 13. a3 Ng4 14. h3 Nh6 15. Qc1 f5 16. f4 Be6 17. Kh2 Qd7 18. Rd1 Qf7 19. Re1 Rae8 20. Qd2 Kh8 21. Rad1 Re7 22. Qc1 Ree8 23. Re2 Bd7 24. Rde1 Be6 25. Qa1 Nd8 26. Nb5 Bxb2 27. Qxb2+ Kg8 28. e5 dxe5 29. Rxe5 Qd7 30. Ne3 Nhf7 31. Rd1 Qc8 32. Rc5 c6 33. Nd5 Bxd5 34. cxd5 Qd7 35. Nc3 Qe7 36. b4 axb4 37. axb4 Nd6 38. dxc6 bxc6 39. Qa2+ Kg7 40. Qd2 N8b7 41. Rxc6 Qe3 42. Rc7+ Rf7 43. Rxf7+ Kxf7 44. Qb2 Kf8 45. Nd5 Qe6 46. Nc7 Qe7 47. Nxe8 Kxe8 48. Qh8+ 1-0

[Event "CRO-ch U17"]
[Site "Split"]
[Date "2024.07.23"]
[Round "3"]
[White "Jakovic, Roko"]
[Black "Tomljanovic, Ivano"]
[Result "0-1"]
[WhiteElo "2309"]
[BlackElo "2046"]
[PlyCount "72"]
[EventDate "2024.07.22"]
[EventType "swiss"]
[EventRounds "9"]
[EventCountry "CRO"]
[SourceTitle "CBM 221 Extra"]
[Source "ChessBase"]
[SourceDate "2024.09.30"]
[SourceVersion "1"]
[SourceVersionDate "2024.09.30"]
[SourceQuality "1"]

1. d4 Nf6 2. c4 e6 3. Nc3 Bb4 4. f3 c5 5. d5 exd5 6. cxd5 d6 7. e4 0-0 8. Bg5 Nbd7 9. Qc2 a6 10. Nge2 b5 11. 0-0-0 Bxc3 12. Nxc3 Qb6 13. h4 h5 14. Be2 c4 15. g4 hxg4 16. fxg4 Re8 17. Rhf1 Nh7 18. Bf4 Nc5 19. g5 Bd7 20. g6 fxg6 21. Rg1 Nf8 22. h5 b4 23. h6 Nd3+ 24. Bxd3 cxd3 25. Qxd3 bxc3 26. b3 Qf2 27. Bd2 cxd2+ 28. Kb1 Rac8 29. Rgf1 Qh4 30. hxg7 Kxg7 31. Qxd2 Qxe4+ 32. Ka1 Rc2 33. Qd4+ Qxd4+ 34. Rxd4 Ree2 35. Rdf4 Rxa2+ 36. Kb1 Bf5+ 0-1

[Event "EU-ch U16 rapid"]
[Site "Terme Catez"]
[Date "2023.09.28"]
[Round "1"]
[White "Jakovic, Roko"]
[Black "Lavrencic, Matic"]
[Result "0-1"]
[WhiteElo "1760"]
[BlackElo "2154"]
[PlyCount "59"]
[EventDate "2023.09.28"]
[EventType "swiss (rapid)"]
[EventRounds "9"]
[EventCountry "SLO"]
[SourceTitle "EXT 2024"]
[Source "ChessBase"]
[SourceDate "2023.10.10"]
[SourceVersion "1"]
[SourceVersionDate "2023.10.10"]
[SourceQuality "1"]

1. d4 Nf6 2. c4 e6 3. Nc3 Bb4 4. e3 0-0 5. Bd3 Re8 6. Nf3 Bxc3+ 7. bxc3 d6 8. e4 e5 9. d5 Nbd7 10. 0-0 Nc5 11. Bg5 h6 12. Bxf6 Qxf6 13. Bc2 Bg4 14. h3 Bxf3 15. Qxf3 Qxf3 16. gxf3 Kf8 17. Kh2 Ke7 18. Rg1 g6 19. Kg3 g5 20. h4 Rg8 21. Kh3 Kf6 22. Rg2 Rg7 23. Rag1 Rag8 24. Rg4 Ke7 25. R4g3 Nd7 26. Kg4 Nf6+ 27. Kf5 Nh5 28. R3g2 gxh4 29. Rg4 Rxg4 30. fxg4 0-1

[Event "Hum na Sutli op 15th"]
[Site "Hum na Sutli"]
[Date "2023.08.27"]
[Round "2"]
[White "Jakovic, Roko"]
[Black "Klasan, Elvis"]
[Result "1-0"]
[WhiteElo "1994"]
[BlackElo "1806"]
[PlyCount "85"]
[EventDate "2023.08.26"]
[EventType "swiss"]
[EventRounds "9"]
[EventCountry "CRO"]
[SourceTitle "CBM 216 Extra"]
[Source "ChessBase"]
[SourceDate "2023.11.30"]
[SourceVersion "1"]
[SourceVersionDate "2023.11.30"]
[SourceQuality "1"]

1. d4 g6 2. e4 Bg7 3. c4 c5 4. d5 d6 5. Nc3 Nf6 6. Nf3 Bg4 7. Be2 Nbd7 8. 0-0 0-0 9. a4 Ne8 10. h3 Bxf3 11. Bxf3 Be5 12. Bh6 Bg7 13. Bxg7 Nxg7 14. Be2 Qb6 15. a5 Qc7 16. f4 a6 17. Bg4 f5 18. exf5 Nxf5 19. Bxf5 Rxf5 20. Ne4 h6 21. g4 Rf7 22. g5 h5 23. f5 Raf8 24. Ng3 Kg7 25. Qe2 h4 26. fxg6 Rxf1+ 27. Rxf1 Rxf1+ 28. Kxf1 hxg3 29. Qh5 Nf8 30. Qh6+ Kg8 31. g7 Ng6 32. Qxg6 Qxa5 33. Qe6+ Kxg7 34. Qxe7+ Kg8 35. Qe6+ Kg7 36. Qf6+ Kg8 37. Qg6+ Kh8 38. Qxd6 Qa1+ 39. Kg2 Qxb2+ 40. Kxg3 Qc3+ 41. Kg4 Qxc4+ 42. Kh5 Qd3 43. Qh6+ 1-0

[Event "Krapina op 11th"]
[Site "Krapina"]
[Date "2023.01.15"]
[Round "7"]
[White "Pandurevic, Miro"]
[Black "Jakovic, Roko"]
[Result "0-1"]
[WhiteElo "2192"]
[BlackElo "1982"]
[PlyCount "76"]
[EventDate "2023.01.13"]
[EventType "swiss"]
[EventRounds "7"]
[EventCountry "CRO"]
[SourceTitle "CBM 212 Extra"]
[Source "ChessBase"]
[SourceDate "2023.03.31"]
[SourceVersion "1"]
[SourceVersionDate "2023.03.31"]
[SourceQuality "1"]

1. b4 d5 2. Bb2 Nf6 3. e3 Bf5 4. Nf3 Nbd7 5. c4 e6 6. a3 c6 7. Nc3 Bd6 8. Be2 0-0 9. Nh4 Bg6 10. Nxg6 hxg6 11. Qc2 a5 12. c5 Bc7 13. d4 axb4 14. axb4 e5 15. 0-0 Qe7 16. b5 e4 17. b6 Rxa1 18. Rxa1 Bb8 19. g3 Nh7 20. Qb3 Qe6 21. Qd1 f5 22. Bc1 g5 23. f3 Ndf6 24. f4 gxf4 25. exf4 Kh8 26. Be3 Rg8 27. h4 Qf7 28. Kf2 Nf8 29. Qh1 Nh5 30. Rg1 g6 31. Ra1 Ne6 32. Qd1 Nhxf4 33. gxf4 Nxf4 34. Qd2 Ne6 35. Bg5 f4 36. Kg1 Nxg5 37. hxg5 Qf5 38. Bf1 f3 0-1

[Event "Krapina op 11th"]
[Site "Krapina"]
[Date "2023.01.14"]
[Round "5"]
[White "Simunic, Krunoslav"]
[Black "Jakovic, Roko"]
[Result "0-1"]
[WhiteElo "1909"]
[BlackElo "1982"]
[PlyCount "82"]
[EventDate "2023.01.13"]
[EventType "swiss"]
[EventRounds "7"]
[EventCountry "CRO"]
[SourceTitle "CBM 212 Extra"]
[Source "ChessBase"]
[SourceDate "2023.03.31"]
[SourceVersion "1"]
[SourceVersionDate "2023.03.31"]
[SourceQuality "1"]

1. d4 d5 2. c4 c6 3. Nf3 Nf6 4. Nc3 a6 5. cxd5 cxd5 6. Bg5 e6 7. e3 Be7 8. a4 0-0 9. Bd3 b6 10. 0-0 Bb7 11. Ne5 Nbd7 12. Nxd7 Qxd7 13. f3 Rac8 14. Qe2 Ra8 15. Rac1 h6 16. Bh4 Rfc8 17. Rfd1 Ne8 18. Bxe7 Qxe7 19. e4 dxe4 20. fxe4 Qb4 21. Bb1 Rd8 22. Qf2 Rac8 23. h4 Rc4 24. Rf1 Rd7 25. d5 exd5 26. Qf5 Qc5+ 27. Rf2 Re7 28. exd5 Nf6 29. d6 Qxd6 30. Rd1 Rd4 31. Rxd4 Qxd4 32. Bd3 Re1+ 33. Bf1 Be4 34. Qf4 b5 35. axb5 axb5 36. Nxe4 Rxf1+ 37. Kh2 Rxf2 38. Qb8+ Kh7 39. Nxf2 Qxf2 40. Qxb5 Qxh4+ 41. Kg1 g6 0-1

[Event "EU-ch U16 30th"]
[Site "Antalya"]
[Date "2022.11.06"]
[Round "1"]
[White "Jakovic, Roko"]
[Black "Taspinar, Yanki"]
[Result "0-1"]
[WhiteElo "1966"]
[BlackElo "2291"]
[PlyCount "61"]
[EventDate "2022.11.06"]
[EventType "swiss"]
[EventRounds "9"]
[EventCountry "TUR"]
[SourceTitle "EXT 2024"]
[Source "ChessBase"]
[SourceDate "2023.10.10"]
[SourceVersion "1"]
[SourceVersionDate "2023.10.10"]
[SourceQuality "1"]

1. d4 d5 2. c4 e6 3. Nc3 c6 4. Nf3 dxc4 5. a4 Bb4 6. e4 b5 7. Be2 Nf6 8. Qc2 a6 9. 0-0 Bb7 10. Bg5 h6 11. Bh4 Nbd7 12. e5 g5 13. Bg3 Nd5 14. Ne4 Qb6 15. Rfd1 Ke7 16. Nd6 Rag8 17. a5 Qc7 18. Nd2 Nf4 19. Bxf4 gxf4 20. N2e4 c5 21. Nxb7 Qxb7 22. d5 Nxe5 23. d6+ Kd8 24. f3 f5 25. Nf6 Rg6 26. Nh5 Nxf3+ 27. Kh1 Nd4 28. Bf3 Qxf3 29. gxf3 Nxc2 30. Nxf4 Rf6 31. Rac1 0-1

[Event "EU-ch Amateur U2300"]
[Site "Zagreb"]
[Date "2022.08.20"]
[Round "8"]
[White "Janiszewski, Maciej"]
[Black "Jakovic, Roko"]
[Result "1-0"]
[WhiteElo "2075"]
[BlackElo "1921"]
[PlyCount "113"]
[EventDate "2022.08.14"]
[EventType "swiss"]
[EventRounds "9"]
[EventCountry "CRO"]
[SourceTitle "CBM 210 Extra"]
[Source "ChessBase"]
[SourceDate "2022.11.30"]
[SourceVersion "1"]
[SourceVersionDate "2022.11.30"]
[SourceQuality "1"]

1. Nf3 d5 2. d4 Nf6 3. c4 c6 4. Qc2 g6 5. g3 Bg7 6. Bg2 Bf5 7. Qb3 Qb6 8. c5 Qxb3 9. axb3 0-0 10. Ne5 Nbd7 11. f4 Nxe5 12. fxe5 Nd7 13. 0-0 f6 14. Rxf5 gxf5 15. e6 Ne5 16. dxe5 fxe5 17. Bg5 Bf6 18. Bxf6 Rxf6 19. Bh3 f4 20. Nd2 e4 21. b4 a6 22. Nb3 Raf8 23. Nd4 Rh6 24. Bf5 Kg7 25. Rf1 fxg3 26. hxg3 Rhf6 27. g4 Kh6 28. Kg2 Kg5 29. Rh1 Rh6 30. Rxh6 Kxh6 31. Kg3 Kg5 32. Bxh7 Rh8 33. Bf5 Rh1 34. e3 Rg1+ 35. Kf2 Rc1 36. Ke2 Rb1 37. b3 Rb2+ 38. Kd1 Ra2 39. Kc1 Rh2 40. Nc2 Rg2 41. Kb2 Kh4 42. Bg6 Kg3 43. Kc3 Kf2 44. Be8 Rxg4 45. Bd7 Rg3 46. Kd4 Ke2 47. Bc8 Kd2 48. Bxb7 Kxc2 49. Bxa6 Rg6 50. b5 Rxe6 51. b6 Rh6 52. b7 Rh8 53. b4 Re8 54. Ke5 Kb3 55. b5 Kb4 56. bxc6 Kxc5 57. c7 1-0

[Event "EU-ch Amateur U2300"]
[Site "Zagreb"]
[Date "2022.08.18"]
[Round "6"]
[White "Horvat, Damjan"]
[Black "Jakovic, Roko"]
[Result "1-0"]
[WhiteElo "2072"]
[BlackElo "1921"]
[PlyCount "95"]
[EventDate "2022.08.14"]
[EventType "swiss"]
[EventRounds "9"]
[EventCountry "CRO"]
[SourceTitle "CBM 210 Extra"]
[Source "ChessBase"]
[SourceDate "2022.11.30"]
[SourceVersion "1"]
[SourceVersionDate "2022.11.30"]
[SourceQuality "1"]

1. c4 Nf6 2. Nf3 c6 3. b3 d5 4. Bb2 e6 5. e3 Nbd7 6. d4 Bd6 7. Bd3 b6 8. 0-0 Bb7 9. Nbd2 0-0 10. Qe2 c5 11. e4 dxe4 12. Nxe4 Nxe4 13. Bxe4 Bxe4 14. Qxe4 Nf6 15. Qe2 Qe7 16. Rfd1 Rad8 17. Rd3 Rd7 18. Rad1 Rfd8 19. h3 h6 20. Kf1 Kf8 21. a3 a5 22. dxc5 bxc5 23. Ne5 Bxe5 24. Bxe5 Ke8 25. Bc3 Rxd3 26. Rxd3 Rxd3 27. Qxd3 Qc7 28. Qf3 Ke7 29. Qa8 Qd7 30. Ke2 a4 31. b4 e5 32. bxc5 Qe6 33. Qxa4 Ne4 34. Qb4 Kf6 35. f3 Nxc3+ 36. Qxc3 Ke7 37. Qb4 f6 38. c6+ Kd8 39. Qb8+ Ke7 40. Qb5 Qf5 41. Qb4+ Ke6 42. Qd2 Ke7 43. c5 Ke8 44. c7 Qd7 45. Qd6 Qb5+ 46. Kf2 Qd7 47. a4 Qc8 48. a5 1-0

[Event "CRO-ch U15"]
[Site "Trogir"]
[Date "2022.06.24"]
[Round "5"]
[White "Babler, Jan"]
[Black "Jakovic, Roko"]
[Result "0-1"]
[WhiteElo "1616"]
[BlackElo "1954"]
[PlyCount "78"]
[EventDate "2022.06.22"]
[EventType "swiss"]
[EventRounds "9"]
[EventCountry "CRO"]
[SourceTitle "CBM 209 Extra"]
[Source "ChessBase"]
[SourceDate "2022.09.30"]
[SourceVersion "1"]
[SourceVersionDate "2022.09.30"]
[SourceQuality "1"]

1. e4 c5 2. Nf3 d6 3. d4 cxd4 4. Nxd4 Nf6 5. Nc3 a6 6. Bg5 e6 7. f4 Be7 8. Qf3 Qc7 9. 0-0-0 h6 10. Bxf6 Bxf6 11. f5 Nc6 12. Nxc6 Qxc6 13. fxe6 Bxe6 14. Nd5 Bxd5 15. exd5 Qb6 16. Re1+ Be5 17. Qb3 Qxb3 18. axb3 0-0 19. Bd3 f5 20. Rhf1 f4 21. Be4 g5 22. Bf3 a5 23. Be2 Kg7 24. h4 Rh8 25. hxg5 hxg5 26. Rh1 Rae8 27. Bh5 Bxb2+ 28. Kxb2 Rxe1 29. Rxe1 Rxh5 30. Rf1 Rh2 31. Rf2 Kf6 32. c4 Ke5 33. Kc3 g4 34. Re2+ Kf5 35. Kd3 b6 36. Kd2 f3 37. gxf3 g3 38. Ke1 g2 39. Kf2 g1Q+ 0-1

[Event "CRO-ch U15"]
[Site "Trogir"]
[Date "2022.06.24"]
[Round "4"]
[White "Jakovic, Roko"]
[Black "Veocic, Noa"]
[Result "1-0"]
[WhiteElo "1954"]
[BlackElo "1418"]
[PlyCount "41"]
[EventDate "2022.06.22"]
[EventType "swiss"]
[EventRounds "9"]
[EventCountry "CRO"]
[SourceTitle "CBM 209 Extra"]
[Source "ChessBase"]
[SourceDate "2022.09.30"]
[SourceVersion "1"]
[SourceVersionDate "2022.09.30"]
[SourceQuality "1"]

1. d4 d5 2. c4 dxc4 3. Nc3 Nf6 4. e3 e6 5. Bxc4 c5 6. Nf3 a6 7. a4 cxd4 8. exd4 Nc6 9. 0-0 Nb4 10. Qb3 Be7 11. Bg5 Nd7 12. Bxe7 Qxe7 13. d5 0-0 14. dxe6 Nb6 15. exf7+ Kh8 16. Rfe1 Qc5 17. Re8 Bd7 18. Rxa8 Rxa8 19. Be6 g6 20. Bxd7 Nxd7 21. Ne4 1-0

[Event "CRO-ch U15"]
[Site "Trogir"]
[Date "2022.06.22"]
[Round "1"]
[White "Trninic, Marko1"]
[Black "Jakovic, Roko"]
[Result "0-1"]
[WhiteElo "1314"]
[BlackElo "1954"]
[PlyCount "68"]
[EventDate "2022.06.22"]
[EventType "swiss"]
[EventRounds "9"]
[EventCountry "CRO"]
[SourceTitle "CBM 209 Extra"]
[Source "ChessBase"]
[SourceDate "2022.09.30"]
[SourceVersion "1"]
[SourceVersionDate "2022.09.30"]
[SourceQuality "1"]

1. e4 c5 2. Nf3 d6 3. d4 cxd4 4. Nxd4 Nf6 5. Nc3 a6 6. Bc4 e6 7. 0-0 b5 8. Bb3 Be7 9. Qf3 Qc7 10. e5 Bb7 11. exd6 Bxd6 12. Qh3 0-0 13. Bg5 Be5 14. Bxf6 Bxf6 15. Nxe6 fxe6 16. Bxe6+ Kh8 17. Nd5 Bxd5 18. Bxd5 Nc6 19. Be4 g6 20. Bxg6 Ne5 21. Be4 Rad8 22. Rad1 Nc4 23. b3 Nd2 24. Qf5 Be5 25. Qxf8+ Rxf8 26. Rxd2 Bxh2+ 27. Kh1 Bf4 28. Rd5 Qe7 29. Rfd1 Qh4+ 30. Kg1 Bh2+ 31. Kh1 Bg3+ 32. Kg1 Qh2+ 33. Kf1 Rxf2+ 34. Ke1 Qg1# 0-1

[Event "CRO-chT U20 30th"]
[Site "Rabac"]
[Date "2021.04.08"]
[Round "5.3"]
[White "Jakovic, Roko"]
[Black "Mijic, Karlo"]
[Result "0-1"]
[WhiteElo "1846"]
[BlackElo "1599"]
[PlyCount "206"]
[EventDate "2021.04.06"]
[EventType "team-tourn"]
[EventRounds "11"]
[EventCountry "CRO"]
[SourceTitle "CBM 201 Extra"]
[Source "ChessBase"]
[SourceDate "2021.05.31"]
[SourceVersion "1"]
[SourceVersionDate "2021.05.31"]
[SourceQuality "1"]
[WhiteTeam "Oroslavje U20"]
[BlackTeam "Zadar Casper U20"]
[WhiteTeamCountry "CRO"]
[BlackTeamCountry "CRO"]

1. d4 Nf6 2. c4 e6 3. Nc3 Bb4 4. g3 0-0 5. Bg2 Bxc3+ 6. bxc3 d6 7. Nf3 Nc6 8. 0-0 Rb8 9. Rb1 Na5 10. Qd3 b6 11. Bg5 Ba6 12. Nd2 h6 13. Bxf6 Qxf6 14. e4 Qe7 15. Rfe1 e5 16. Bf1 Qe6 17. f4 Rbd8 18. f5 Qf6 19. d5 g6 20. Qf3 Kg7 21. Bd3 Qg5 22. Rb2 h5 23. h4 Qh6 24. Kh2 g5 25. f6+ Qxf6 26. Qxf6+ Kxf6 27. Rf1+ Kg6 28. hxg5 Kxg5 29. Rf5+ Kg6 30. Be2 Rh8 31. Rb1 Bc8 32. Rf2 Rdf8 33. Rbf1 f6 34. Nf3 Nb7 35. Nh4+ Kg5 36. Nf3+ Kg6 37. Nh4+ Kg7 38. Bd1 Nc5 39. Bc2 Bg4 40. a3 Rh6 41. Kg2 Kf7 42. Kh2 Bd7 43. Nf5 Bxf5 44. Rxf5 Rg8 45. Kh3 Rg4 46. Rxh5 Rxg3+ 47. Kxg3 Rxh5 48. Rf2 Rh1 49. Rh2 Rc1 50. Kf3 Ra1 51. Rh7+ Ke8 52. Rxc7 Rxa3 53. Ke2 Rxc3 54. Kd2 Rxc4 55. Rxa7 Nxe4+ 56. Kd3 Rd4+ 57. Ke3 Nc5 58. Bg6+ Kd8 59. Bf7 f5 60. Ra8+ Ke7 61. Bg8 Rg4 62. Bh7 f4+ 63. Ke2 e4 64. Rb8 Rg2+ 65. Kf1 Rb2 66. Rg8 Kf6 67. Re8 f3 68. Bxe4 Re2 69. Rf8+ Kg7 70. Bxf3 Kxf8 71. Kxe2 Ke7 72. Ke3 Kf6 73. Kd4 Na6 74. Bg4 Kg5 75. Bd7 Kf4 76. Bb5 Nc7 77. Bc6 Kf3 78. Bd7 Ke2 79. Bc6 Kd2 80. Bd7 b5 81. Bf5 Kc1 82. Be4 Kb2 83. Kd3 b4 84. Kc4 b3 85. Kb4 Ka2 86. Ka5 b2 87. Kb6 Ne8 88. Kc6 Kb3 89. Bb1 Kc4 90. Ba2+ Kd4 91. Bb1 Ke5 92. Kb5 Nf6 93. Kb4 Ne4 94. Ka3 Nd2 95. Kxb2 Nxb1 96. Kxb1 Kxd5 97. Kc1 Ke4 98. Kd2 Kd4 99. Ke2 Kc3 100. Kd1 Kd3 101. Ke1 d5 102. Kd1 d4 103. Kc1 Ke2 0-1

[Event "CRO-chT U20 30th"]
[Site "Rabac"]
[Date "2021.04.08"]
[Round "6.3"]
[White "Poljan, Max"]
[Black "Jakovic, Roko"]
[Result "1/2-1/2"]
[WhiteElo "1573"]
[BlackElo "1846"]
[PlyCount "71"]
[EventDate "2021.04.06"]
[EventType "team-tourn"]
[EventRounds "11"]
[EventCountry "CRO"]
[SourceTitle "CBM 201 Extra"]
[Source "ChessBase"]
[SourceDate "2021.05.31"]
[SourceVersion "1"]
[SourceVersionDate "2021.05.31"]
[SourceQuality "1"]
[WhiteTeam "Strigova Stridon U20"]
[BlackTeam "Oroslavje U20"]
[WhiteTeamCountry "CRO"]
[BlackTeamCountry "CRO"]

1. c4 c6 2. g3 Nf6 3. Bg2 d5 4. cxd5 cxd5 5. d4 Nc6 6. Nc3 e6 7. Nf3 a6 8. 0-0 Be7 9. Bf4 0-0 10. Ne5 Nxe5 11. Bxe5 b5 12. Bxf6 Bxf6 13. f4 Qb6 14. e3 Bb7 15. Qd2 Rad8 16. b4 Be7 17. a3 a5 18. Rfb1 axb4 19. axb4 Rc8 20. Bf1 Bc6 21. Qb2 Ra8 22. Bd3 g6 23. Qe2 Rxa1 24. Rxa1 Bxb4 25. Nxb5 Rb8 26. Rb1 Qa5 27. Nc3 Bd6 28. Rxb8+ Bxb8 29. Nb5 Bxb5 30. Bxb5 Qc3 31. Kf2 Bd6 32. Ba4 Bb4 33. Bd1 Ba3 34. Qc2 Qb4 35. Be2 Bb2 36. Qd1 1/2-1/2

[Event "EU-ch Online U14"]
[Site "Tornelo INT"]
[Date "2020.09.20"]
[Round "8"]
[White "Eliseev, Sergey1"]
[Black "Jakovic, Roko"]
[Result "0-1"]
[WhiteElo "1815"]
[BlackElo "1499"]
[PlyCount "60"]
[EventDate "2020.09.18"]
[EventType "swiss (rapid)"]
[EventRounds "9"]
[EventCountry "ENG"]
[SourceTitle "EXT 2023"]
[Source "ChessBase"]
[SourceDate "2022.10.05"]
[SourceVersion "1"]
[SourceVersionDate "2022.10.05"]
[SourceQuality "1"]
[WhiteTeam "Norway"]
[BlackTeam "Croatia"]
[WhiteTeamCountry "NOR"]
[BlackTeamCountry "CRO"]

1. e4 e6 2. d3 d5 3. Qe2 Be7 4. Nf3 Nf6 5. g3 c5 6. Bg2 0-0 7. 0-0 Nc6 8. e5 Nd7 9. c4 d4 10. h4 f6 11. exf6 Nxf6 12. Bh3 e5 13. Bxc8 Qxc8 14. Nxe5 Qe6 15. Re1 Rae8 16. Nf3 Qxe2 17. Rxe2 Bd6 18. Rxe8 Rxe8 19. Bd2 Ng4 20. Na3 Nce5 21. Ne1 Nc6 22. f3 Re2 23. Rd1 Ne3 24. Bxe3 dxe3 25. f4 Nd4 26. b3 Rxa2 27. Nb5 Ne2+ 28. Kf1 Nxg3+ 29. Kg1 Bxf4 30. Nc3 Rd2 0-1